İçeriği atla
Inicio
Centros participantes
Catálogo
Servicios
Contacto
Giriş
English
Deutsch
Español
Français
Italiano
日本語
Nederlands
Português
Português (Brasil)
中文(简体)
中文(繁體)
Türkçe
עברית
Gaeilge
Cymraeg
Ελληνικά
Català
Euskara
Русский
Čeština
Suomi
Svenska
polski
Dansk
slovenščina
اللغة العربية
বাংলা
Galego
Tiếng Việt
Hrvatski
हिंदी
Հայերէն
Українська
Sámegiella
Dil
Tüm Alanlar
Materyal Adı
Yazar
Konu
Yer Numarası
ISBN/ISSN
Etiket
Ara
Gelişmiş
Dependencia y relaciones inter...
Alıntıla
E-posta Gönder
Yazdır
Kaydı İhraç Et
İhraç Et RefWorks
İhraç Et EndNoteWeb
İhraç Et EndNote
Favorilerime ekle
Kalıcı bağlantı
İlk derecelendirmeyi ekleyin
Dependencia y relaciones internacionales /
Kaydedildi:
Detaylı Bibliyografya
Yazar:
Caputo, Orlando
Diğer Yazarlar:
Pizarro, Roberto
Materyal Türü:
Metin
Baskı/Yayın Bilgisi:
San José:
EDUCA
Etiketler:
Etiketle
Etiket eklenmemiş, İlk siz ekleyin!
Erişim Bilgileri
Diğer Bilgiler
Yorumlar
Benzer Materyaller
MARC Görünümü
MARC
LEADER
00000 a a2200000 04500
001
23029
003
040
020
|a
84-8360-101-X
090
|a
158700
100
|a
Caputo, Orlando
245
|a
Dependencia y relaciones internacionales /
|c
Orlando Caputo
260
|a
San José:
|b
EDUCA
300
|a
284 p.
700
|a
Pizarro, Roberto
999
|c
12383
|d
12383
Benzer Materyaller
Industrialización y comercio en la Cuenca del Caribe /
Yazar:: Trejos, Rafael
Hacia el encuentro en la cumbre: ¿Lleva Reykyavik a la Cumbre en Washington y al desarme nuclear?
Yazar:: Pumpianski, Alexandre
The Dynamics of Latin American foreign policies: challenges for the 1980s /
Yazar:: Lincoln, Jennie
Teólogos de la liberación hablan sobre la mujer /
Yazar:: Boff, Leonardo
El Sistema de gobierno de los Estados Unidos de América
Yazar:: Griffith, Ernest S.